Logo biblioteca
Santa Fe 2917, Rosario, Santa Fe
Lu-Vi 8 a 19.45
+54-341-4232362
bibliotecaeudoro@gmail.com
Facebook Biblioteca Pedagógica
Sitio web

Grupo 6 : (Registro nro. 32758)

Detalles MARC
000 -CABECERA
campo fijo de control de longitud 00892nam a22002771a 4500
001 - NÚMERO DE CONTROL
campo de control 32758
003 - IDENTIFICADOR DEL NÚMERO DE CONTROL
campo de control AR-RoBPED
005 - FECHA Y HORADE LA ULTIMA TRANSACCION
campo de control 20260514100250.0
007 -
campo fijo de control de longitud ta
008 - ELEMENTOS DE LONGITUD FIJA--INFORMACION GENERAL
campo fijo de control de longitud 060622s1988 ag a|||br|||||||1 ||spa
020 ## - ISBN
ISBN 950010329X
040 ## - FUENTE CATALOGADORA
Centro catalogador/agencia de origen AR-BaBN
Convenciones de descripción aacr
Agencia que realiza la modificación AR-RoBPED
041 ## - IDIOMA
Código de idioma para texto/pista de sonido o título independiente spa
100 1# - ENCABEZAMIENTO PRINCIPAL--AUTOR PERSONAL
Nombre de persona Pescetto, Alberto
9 (RLIN) 16896
245 10 - TITULO
Título Grupo 6 :
Subtítulo libro de lectura para sexto grado /
Mención de responsabilidad Alberto Pescetto, Elsa Riba, Susana Inés Rovere.
260 ## - PUBLICACION
Lugar Buenos Aires :
Editor Angel Estrada,
Fecha 1987.
300 ## - DESCRIPCION FISICA
Extensión 154 p.
Otros detalles físicos il. col.
500 ## - NOTA GENERAL
Nota general En portada: "Con taller de expresión".
650 #4 - TERMINO DE MATERIA--CONTROLADO
Término controlado ARCHIVO INFANTIL
9 (RLIN) 24464
Término controlado LIBROS DE LECTURA
9 (RLIN) 15325
Término controlado SEXTO GRADO
9 (RLIN) 1465
700 1# - ENCABEZAMIENTO SECUNDARIO--AUTOR PERSONAL
Nombre de persona Riba, Elsa
9 (RLIN) 16897
Nombre de persona Rovere, Susana Inés
9 (RLIN) 5918
942 ## - ELEMENTOS KOHA
Fuente de clasificación Universal Decimal Classification
Número Koha K. 32758
Koha tipo de ítem Libro
Clasificación 372.4
Pre signatura IA
Signatura librística P 46 g
N° inventario Inv. 42440
945 ## - PROCESAMIENTO DE LA INFORMACIÓN LOCAL
Catalogador y fecha nn 13/05/2026 - cd 14/05/2026
Existencias
Estado retirado Estado perdido Fuente de clasificación Estado dañado No se presta Biblioteca propietaria Biblioteca de reserva Fecha de adquisición Procedencia Total de préstamos Signatura topográfica completa Código de barras (nº de inventario) Fecha visto por última vez Catalogador y fecha Tipo de ítem Koha Nota pública
    Universal Decimal Classification   No se presta Biblioteca Pedagógica Eudoro Díaz Biblioteca Pedagógica Eudoro Díaz 12/05/2026 donación   IA 372.4 P 46 g 42440 13/05/2026 nn 13/05/2026 Libro No se presta